Ročne ušetria 15 miliónov SRo rekapituluje presťahovanie národnostno-etnického vysielania z Prešova do Košíc

Bibliographic Details
Main Author: kid (Author)
Corporate Author: Slovenský rozhlas. Štúdio Košice (Author)
Format: Article
Language:Slovak
PhysicalDescription:1 foto
Subjects:

MARC

LEADER 00000nab a2200000 a 4500
001 vtls000930602
003 SK-MaSNL
005 20260303195939.0
008 040720e20030929xo 0 slo
035 |a KE39479 
040 |a KEVKJB  |b slo  |c KEVKJB  |e AACR2 
041 0 |a slo 
044 |a xo  |c SK 
080 |a 7.096  |2 1981 
100 0 |a kid  |4 aut  |9 880185 
245 1 0 |a Ročne ušetria 15 miliónov  |b SRo rekapituluje presťahovanie národnostno-etnického vysielania z Prešova do Košíc 
300 |b 1 foto 
610 2 7 |a Slovenský rozhlas.  |b Štúdio Košice  |2 KEVKJB  |9 232326 
610 2 7 |a Rádio Regina  |2 KEVKJB  |9 215931 
650 0 7 |a vysielanie národnostno-etnické  |2 KEVKJB  |9 1229515 
650 0 7 |a presťahovanie  |2 KEVKJB  |9 632842 
650 0 7 |a úspory finančné  |2 KEVKJB  |9 1229552 
651 7 |a Košice (Slovensko)  |2 KEVKJB  |9 18694 
651 7 |a KE,  |2 KEVKJB  |9 877256 
655 7 |a periodikum  |2 snkbucl  |9 29553 
710 2 |a Slovenský rozhlas.  |b Štúdio Košice  |4 aut  |9 232326 
773 0 8 |t Košický večer  |g Roč. 214  |g Roč. 35, č.185, 29.9.2003, s. 8 
852 |a ZVYKNI  |b KIS3GCP 
999 |c 2165584  |d 2167514